| 000 | 00589nam a2200193Ia 4500 | ||
|---|---|---|---|
| 001 | 63980 | ||
| 008 | 150109s9999 xx 000 0 und d | ||
| 020 | _a9960892913 | ||
| 040 | _cPK-LaUMT | ||
| 082 |
_a 214.61 _bIMA-H |
||
| 100 | _aImam Ibn Qayyim Al-Jauziyah | ||
| 245 |
_aHealing with the medicine of the Prophet Sallallaho Alaihe Wassllam _cImam Ibn Qayyim Al-Jauziyah|Jalal Abual Rub|Abdul Rahman Abdullah |
||
| 260 |
_aLahore,Pakistan: _bDaruttazkeer, _c2003 |
||
| 300 | _a359 p. | ||
| 546 | _aEN | ||
| 700 | _aAbdul Rahman Abdullah | ||
| 700 | _aJalal Abual Rub | ||
| 942 | _cBK | ||
| 999 |
_c64634 _d64634 |
||